[Event "Ctt6"]
[Site "http://www.queenalice.com/game.php?id=1797228"]
[Date "2022.10.1"]
[Round "-"]
[White "Noze"]
[Black "Zezine"]
[Result "0-1"]
[WhiteElo "1322"]
[BlackElo "1648"]

1. e4 e5 2. Nf3 d6 3. Bc4 Bg4 4. Nc3 Nf6 5. Bxf7+ Kxf7 6. Ng5+ Ke7 7. Nd5+ Ke8
8. Nxf6+ gxf6 9. Qxg4 fxg5 10. Qh5+ Kd7 11. Qf7+ Be7 12. d4 Qg8 13. Qf5+ Qe6 14.
Qxe6+ Kxe6 15. d5+ Kd7 16. Be3 c6 17. O-O-O c5 18. Rd3 b5 19. Rhd1 a5 20. Bxc5
dxc5 21. g3 Na6 22. d6 Bf8 23. Rd5 Nb4 24. Rxc5 Bxd6 25. Rxe5 Kc6 26. Rxg5 Nxa2+
27. Kd2 Nb4 28. c3 Na6 29. Ke2 Rad8 30. e5 Be7 31. Rg7 Rxd1 32. Kxd1 Kd7 33. f4
b4 34. c4 Ke6 35. Kd2 a4 36. Kc2 Nc5 37. h4 Ne4 38. Kd3 Nf2+ 39. Ke3 a3 40. bxa3
bxa3 41. Kxf2 a2 42. f5+ Kd7 43. f6 Re8 44. fxe7 Rxe7 45. Rg4 a1=Q 46. Re4 Rxe5
47. Rg4 Qe1+ 48. Kf3 Qe3+ 0-1

[Event "Trt5"]
[Site "http://www.queenalice.com/game.php?id=1806094"]
[Date "2023.2.14"]
[Round "-"]
[White "Zezine"]
[Black "Noze"]
[Result "1-0"]
[WhiteElo "1651"]
[BlackElo "1319"]

1. g3 e5 2. Bg2 c6 3. d3 d5 4. Nc3 d4 5. Ne4 Be7 6. e3 f5 7. Nd2 Nf6 8. Nc4 Bb4+
9. Bd2 c5 10. Bxb4 cxb4 11. Nxe5 Nd5 12. Qh5+ Ke7 13. Qg5+ Ke8 14. Qxd8+ Kxd8
15. Nf7+ Ke8 16. Nxh8 Nc6 17. Bxd5 Bd7 18. Bf7+ Ke7 19. Nf3 Rxh8 20. Bd5 Kd6 21.
Bxc6 Bxc6 22. Ke2 h5 23. Rhc1 Re8 24. Nxd4 Bd7 25. f4 g6 26. c4 bxc3 27. Rxc3 b5
28. b4 g5 29. Rac1 a5 30. a3 axb4 31. axb4 gxf4 32. gxf4 Rg8 33. Kf2 h4 34. Rg1
Rxg1 35. Kxg1 Ke7 36. Rc5 1-0

[Event "ME again"]
[Site "http://www.queenalice.com/game.php?id=1807104"]
[Date "2023.3.2"]
[Round "-"]
[White "Noze"]
[Black "Zezine"]
[Result "0-1"]
[WhiteElo "1314"]
[BlackElo "1656"]

1. e4 b5 2. d4 Bb7 3. Bd3 Nf6 4. Nf3 Nxe4 5. Bxe4 Bxe4 6. Ne5 Bxg2 7. Rg1 Bd5 8.
Bg5 f6 9. Qh5+ g6 10. Nf7 gxh5 11. Nxd8 fxg5 12. Rxg5 Bf3 13. Nf7 Kxf7 14. Rf5+
Ke8 15. Rxf3 Nc6 16. c3 b4 17. cxb4 Nxd4 18. Rc3 Bg7 19. Rxc7 Nf3+ 20. Kd1 Bxb2
21. Nd2 Bxa1 22. Nxf3 Rf8 23. Ke2 Rf5 24. Ke3 d6 25. a4 Kd8 26. Rb7 Bf6 27. b5
Rc5 28. Nd2 Kc8 29. Ne4 Kxb7 30. Nxc5+ dxc5 31. Kd3 Kb6 32. Kc4 Bd4 33. f4 Rf8
34. Kd5 Rxf4 35. Ke6 c4 0-1

[Event "kklq"]
[Site "http://www.queenalice.com/game.php?id=1811979"]
[Date "2023.5.15"]
[Round "-"]
[White "Zezine"]
[Black "Noze"]
[Result "1-0"]
[WhiteElo "1658"]
[BlackElo "1312"]

1. b3 e5 2. Ba3 d6 3. c4 Bf5 4. Nc3 Nc6 5. e4 Be6 6. Nf3 Nf6 7. Ng5 Qe7 8. h3
O-O-O 9. g4 h6 10. Nxe6 Qxe6 11. Nd5 Nxd5 12. exd5 Qf6 13. dxc6 bxc6 14. Bg2 d5
15. c5 Qf4 16. O-O Qd4 17. Qc2 Be7 18. Qf5+ Kb8 19. Qxf7 Bxc5 20. Bxc5 Qxc5 21.
Rac1 Qd4 22. Rxc6 Rc8 23. Qxd5 Qxd5 24. Bxd5 Rcd8 25. Rc5 c6 26. Bxc6 Rxd2 27.
Rb5+ Kc7 28. Bd5 Rxa2 29. Rc1+ Kd7 30. Rc6 Rc8 31. Rb7+ Kd8 32. Rxg7 Rd2 33.
Rd6+ Ke8 34. Rg8+ Ke7 35. Re6+ Kd7 36. Rg7+ Kd8 37. Rd6+ Ke8 38. Rg8+ Ke7 39.
Re6+ Kf7 40. Rc6+ Ke7 41. Rg7+ Kf8 42. Rf7+ 1-0

[Event "Trt6"]
[Site "http://www.queenalice.com/game.php?id=1815496"]
[Date "2023.7.3"]
[Round "-"]
[White "Zezine"]
[Black "Noze"]
[Result "1-0"]
[WhiteElo "1660"]
[BlackElo "1310"]

1. f4 d5 2. Nf3 e6 3. e3 Bb4 4. c3 Ba5 5. b4 Bb6 6. d4 Bd7 7. a4 c6 8. a5 Bc7 9.
Bd3 Nf6 10. O-O Ng4 11. h3 f5 12. hxg4 fxg4 13. Ne5 Qh4 14. Nxg4 h5 15. Ne5 Bxe5
16. Bg6+ Kd8 17. fxe5 Be8 18. Bxe8 Rxe8 19. Rf4 Qg5 20. Qf3 Nd7 21. e4 dxe4 22.
Qxe4 h4 23. Nd2 Qg3 24. Nf3 Rf8 25. Rxf8+ Nxf8 26. Bg5+ Kd7 27. Bxh4 Qg6 28.
Qxg6 Nxg6 29. Bg5 Ne7 30. Bxe7 Kxe7 31. Ng5 Rf8 32. Rf1 Rxf1+ 33. Kxf1 Kd7 34.
Nf7 Kc7 35. c4 b6 36. a6 c5 37. b5 g6 38. g4 cxd4 39. Ke2 Kd7 40. Kd3 Ke7 41.
Ng5 Kd7 42. Kxd4 Ke7 43. c5 Kd7 44. cxb6 1-0

[Event "Ctt8"]
[Site "http://www.queenalice.com/game.php?id=1816132"]
[Date "2023.7.11"]
[Round "-"]
[White "Noze"]
[Black "Zezine"]
[Result "0-1"]
[WhiteElo "1304"]
[BlackElo "1666"]

1. e4 e5 2. Nf3 Nc6 3. d4 exd4 4. Nxd4 Nxd4 5. Qxd4 c5 6. Qe5+ Qe7 7. Bf4 Qxe5
8. Bxe5 d6 9. Bf4 Nf6 10. Nd2 g6 11. Bg5 Be7 12. O-O-O Be6 13. e5 dxe5 14. Bb5+
Bd7 15. Bxd7+ Nxd7 16. Bh6 O-O-O 17. Rhe1 Nb6 18. Bg7 Rhe8 19. Bxe5 Bg5 20. b3
Bxd2+ 21. Rxd2 Rxd2 22. Kxd2 Nd7 23. Bd6 Rxe1 24. Kxe1 b5 25. a3 a5 26. c3 c4
27. b4 a4 28. Ke2 Kb7 29. Ke3 Kc6 30. Be7 Kd5 31. f3 Ne5 32. f4 Ng4+ 33. Kf3
Nxh2+ 34. Ke3 f5 35. Bg5 Ng4+ 36. Kf3 h6 37. Be7 h5 38. g3 Nh6 39. Bf8 Ng4 40.
Be7 Ke6 41. Bc5 Nf6 42. Bd4 Ne8 43. Be5 Nf6 44. Bd4 Ne8 45. Be5 Nf6 46. Bd4 Ne4
47. g4 hxg4+ 48. Kg2 Kd5 49. Be5 Nd2 50. Kg3 Ke4 51. Bd4 Nb1 52. Kh4 Kxf4 53.
Bf2 Nxc3 54. Bg3+ Kf3 55. Be5 Ne4 56. Bd4 c3 57. Bxc3 Nxc3 0-1

[Event "ME2 again "]
[Site "http://www.queenalice.com/game.php?id=1816133"]
[Date "2023.7.11"]
[Round "-"]
[White "Noze"]
[Black "Zezine"]
[Result "0-1"]
[WhiteElo "1308"]
[BlackElo "1662"]

1. e4 Nc6 2. d4 e6 3. d5 exd5 4. exd5 Ne5 5. Bf4 Qf6 6. Qd4 Nf3+ 7. gxf3 Qxd4 8.
Be3 Qxb2 9. Ne2 Qxa1 10. Nc3 Bb4 11. Bd2 Bxc3 12. Bxc3 Qxb1+ 13. Kd2 f6 14. Bg2
Qb6 15. Re1+ Kf7 16. f4 Qxf2+ 17. Re2 Qxf4+ 18. Kd1 d6 19. h3 Nh6 20. Re4 Qf2
21. Re2 Qg1+ 22. Be1 Re8 23. Bf3 Rxe2 24. Kxe2 Bxh3 25. Bf2 Ng4 26. Bxg1 Ne5 27.
Be4 g6 28. Bd4 f5 29. Bd3 Nxd3 30. Kxd3 Bg2 31. c4 c5 32. Bc3 Be4+ 33. Ke3 g5
34. Ke2 h5 35. Kf2 f4 36. Kg1 a5 37. a3 Bd3 38. Kf2 g4 39. Be1 Bxc4 40. Kg2 Kf6
41. Bh4+ Ke5 42. Bg5 Ke4 43. Kf2 Re8 0-1

[Event "kklqn"]
[Site "http://www.queenalice.com/game.php?id=1827549"]
[Date "2023.12.18"]
[Round "-"]
[White "Zezine"]
[Black "Noze"]
[Result "1-0"]
[WhiteElo "1670"]
[BlackElo "1300"]

1. f4 d6 2. e4 Nf6 3. Nc3 e5 4. f5 Nxe4 5. Nxe4 Bxf5 6. d3 Be7 7. Ng3 Bg6 8. Bg5
Bxg5 9. Nf3 O-O 10. Nxg5 Qxg5 11. Qf3 c6 12. h4 Qd8 13. h5 Bxh5 14. Qxh5 h6 15.
Nf5 Qf6 16. g4 Nd7 17. Bh3 Rae8 18. O-O-O e4 19. dxe4 Rxe4 20. Rxd6 Re6 21. Rxd7
b5 22. Rg1 Re5 23. Rd6 Qg5+ 24. Qxg5 hxg5 25. Rxc6 Rd8 26. Bg2 a5 27. Nd6 Kf8
28. Rf1 f6 29. Rc8 Ke7 30. Rxd8 Kxd8 31. Nf7+ Ke7 32. Nxe5 Ke6 33. Nc6 f5 34.
gxf5+ Kf6 35. Nxa5 g4 36. c4 bxc4 37. Nxc4 Kg5 38. Ne5 Kh4 39. Rf4 g5 40. Rxg4+
Kh5 41. f6 1-0

[Event "Trt7"]
[Site "http://www.queenalice.com/game.php?id=1831937"]
[Date "2024.2.20"]
[Round "-"]
[White "Zezine"]
[Black "Noze"]
[Result "1-0"]
[WhiteElo "1668"]
[BlackElo "1302"]

1. e4 e5 2. Nf3 Nc6 3. Bc4 Nf6 4. d3 d5 5. exd5 Nxd5 6. Ng5 Qd7 7. Qf3 Ncb4 8.
Bb3 Bc5 9. a3 Nxc2+ 10. Bxc2 Qb5 11. Qxf7+ Kd8 12. Qxd5+ Bd7 13. Ne6+ Ke7 14.
Bg5+ Ke8 15. Nxc7+ Kf8 16. Nxb5 Bxb5 17. Qxc5+ Kf7 18. Bb3+ Kg6 19. Qxb5 Rhe8
20. Be3 Re7 21. Bc5 Re6 22. Bxe6 1-0

[Event ";hy"]
[Site "http://www.queenalice.com/game.php?id=1833425"]
[Date "2024.3.14"]
[Round "-"]
[White "Noze"]
[Black "Zezine"]
[Result "0-1"]
[WhiteElo "1306"]
[BlackElo "1664"]

1. e4 c5 2. Bc4 Nc6 3. d3 e6 4. Bf4 d5 5. exd5 Qf6 6. Qf3 Nd4 7. Qd1 Qxf4 8. Ne2
Qg4 9. Nbc3 Qxg2 10. Rg1 Nf3# 0-1

[Event "again"]
[Site "http://www.queenalice.com/game.php?id=1836342"]
[Date "2024.5.5"]
[Round "-"]
[White "Noze"]
[Black "Zezine"]
[Result "0-1"]
[WhiteElo "1351"]
[BlackElo "1619"]

1. e4 d5 2. Nc3 d4 3. Nd5 Nf6 4. Nxf6+ exf6 5. d3 Nd7 6. Nf3 Bb4+ 7. Bd2 Bxd2+
8. Qxd2 Ne5 9. Be2 O-O 10. O-O c5 11. Nh4 g6 12. f4 Nc6 13. f5 g5 14. Nf3 Ne5
15. c4 Nxf3+ 16. Rxf3 a5 17. b3 Kg7 18. Rh3 Rh8 19. Rh5 h6 20. Rf1 a4 21. b4 b6
22. b5 Qc7 23. g3 a3 24. Rf2 Ra4 25. Rg2 Bb7 26. Bd1 Rb4 27. Bb3 Ra8 28. Qe1 Bc8
29. g4 Rxb3 30. axb3 a2 31. Qa1 Qa7 32. Rh3 Qa3 33. Rb2 Qxb2 34. Qxb2 a1=Q+ 35.
Qxa1 Rxa1+ 36. Kf2 Ra3 37. Ke2 Rxb3 38. Rg3 Rb2+ 39. Kf3 Rxh2 40. Rg2 Rh1 41.
Ra2 Rh3+ 42. Kg2 Rxd3 43. Ra8 Bb7 44. Rb8 Bxe4+ 45. Kf2 Bf3 46. Rxb6 Bxg4 47.
Rc6 Rf3+ 48. Ke2 Rxf5+ 49. Kd2 Bf3 50. Rc7 Be4 51. b6 Rf2+ 52. Ke1 Rb2 53. Rxc5
Rxb6 54. Rc7 Rc6 55. Rd7 d3 56. Rd4 f5 57. Kd2 Rc5 58. Kc3 g4 59. Kb4 Rc8 60. c5
g3 0-1

[Event "Ctt9"]
[Site "http://www.queenalice.com/game.php?id=1837873"]
[Date "2024.6.2"]
[Round "-"]
[White "Noze"]
[Black "Zezine"]
[Result "1-0"]
[WhiteElo "1298"]
[BlackElo "1672"]

1. e4 c5 2. d4 cxd4 3. Qxd4 Nc6 4. Qe3 e5 5. f4 d5 6. exd5 Qxd5 7. Nf3 Bc5 8.
Qc3 Bb4 9. Bd2 Bxc3 10. Bxc3 Qe4+ 11. Be2 Qxc2 12. Nbd2 f6 13. O-O Qg6 14. Nh4
Qf7 15. Rae1 Nge7 16. fxe5 f5 17. Rf4 Nxe5 18. Bxe5 O-O 19. Ndf3 h6 20. Bc4 Nd5
21. Bxd5 Qxd5 22. a3 g5 23. Rd4 Qb5 24. Ng6 Re8 25. Rd6 b6 26. Nh8 Ba6 27. Rg6+
Kh7 28. h4 Rxe5 29. Rxe5 Qf1+ 30. Kh2 Rxh8 31. Ree6 g4 32. Kg3 Qc1 33. h5 Qc7+
34. Ne5 Qxe5+ 35. Rxe5 Bc8 36. Re7# 1-0

[Event "Trt8"]
[Site "http://www.queenalice.com/game.php?id=1839620"]
[Date "2024.7.3"]
[Round "-"]
[White "Zezine"]
[Black "Noze"]
[Result "1-0"]
[WhiteElo "1613"]
[BlackElo "1357"]

1. Nf3 d5 2. Nc3 e5 3. Nxe5 Be6 4. d4 Bd6 5. f4 Nf6 6. g3 O-O 7. h3 Nbd7 8. g4
c5 9. e3 Ne4 10. Nxe4 dxe4 11. Nc4 Qh4+ 12. Kd2 Qf2+ 13. Qe2 Qf3 14. Bg2 Bxc4
15. Bxf3 Bxe2 16. Bxe2 cxd4 17. Ke1 Bb4+ 18. Bd2 Bxd2+ 19. Kxd2 Nf6 20. h4 Nd5
21. exd4 e3+ 22. Kd3 Rad8 23. c3 b5 24. Raf1 Rfe8 25. g5 a5 26. f5 b4 27. c4 Nc7
28. b3 Rd7 29. f6 Ne6 30. d5 Nc5+ 31. Kc2 a4 32. fxg7 a3 33. Bh5 e2 34. Rxf7
Rxf7 35. Bxf7+ Kxf7 36. Re1 Kxg7 37. h5 1-0

[Event "kklqo"]
[Site "http://www.queenalice.com/game.php?id=1840149"]
[Date "2024.7.13"]
[Round "-"]
[White "Zezine"]
[Black "Noze"]
[Result "0-1"]
[WhiteElo "1642"]
[BlackElo "1328"]

1. f4 d6 2. Nf3 Nc6 3. d4 e6 4. Nc3 Nf6 5. e4 d5 6. e5 Ne4 7. Bd3 Bb4 8. O-O
Nxd4 9. Nxd4 Qh4 10. Nxe4 dxe4 11. Bxe4 Bc5 12. Be3 c6 13. Qd3 O-O 14. g3 Qg4
15. Bxh7+ Kh8 16. Be4 Bd7 17. Bf3 Qh3 18. Bg2 Qh5 19. Rad1 Rad8 20. Bf3 Qh6 21.
h4 g6 22. f5 Qh7 23. f6 b5 24. Kg2 a5 25. Rh1 Bc8 26. Bxc6 Bd7 27. Qxb5 Bxc6+
28. Nxc6 Rxd1 29. Bxc5 Rd2+ 30. Kf3 g5 31. h5 Qxc2 32. Bxf8 Rf2+ 33. Kg4 Qf5#
0-1

[Event "Ctt10"]
[Site "http://www.queenalice.com/game.php?id=1848212"]
[Date "2024.12.2"]
[Round "-"]
[White "Noze"]
[Black "Zezine"]
[Result "0-1"]
[WhiteElo "1333"]
[BlackElo "1637"]

1. e4 c5 2. Bb5 a6 3. Bc4 b5 4. Bd5 Nc6 5. Nf3 e6 6. Bxc6 dxc6 7. d3 Nf6 8. Be3
Ng4 9. Nc3 Nxe3 10. fxe3 g6 11. Ne5 Qd6 12. Nxf7 Kxf7 13. Qf3+ Kg7 14. Rf1 Qe7
15. e5 Ra7 16. O-O-O Kg8 17. Rf2 Bh6 18. Rdf1 Qg5 19. Nd1 Qxe5 20. Qxc6 Bxe3+
21. Kb1 Bxf2 22. Rxf2 Kg7 23. Kc1 Qd5 24. Qxd5 exd5 25. Re2 Kf6 26. Nc3 Be6 27.
h3 h5 28. h4 Re8 29. Nxd5+ Kf7 30. Rf2+ Bf5 31. Kd2 c4 32. Nc3 Rd7 33. g3 cxd3
34. cxd3 Rxd3+ 35. Kc2 Rf3+ 36. Kb3 Rxc3+ 37. Kxc3 Re3+ 38. Kd2 Rxg3 39. b3 Kg7
40. Re2 Kf6 41. Re8 Rg2+ 42. Kc3 Rxa2 43. Rf8+ Ke5 44. Kb4 Kf4 45. Rf6 g5 46.
hxg5 Kxg5 47. Rf8 h4 48. Rh8 h3 49. Kc5 Kf4 50. Kd5 h2 51. Kd4 Kg3 52. Ke5 Bg4
0-1

[Event "kklqp"]
[Site "http://www.queenalice.com/game.php?id=1849418"]
[Date "2024.12.29"]
[Round "-"]
[White "Zezine"]
[Black "Noze"]
[Result "1-0"]
[WhiteElo "1629"]
[BlackElo "1341"]

1. b3 d5 2. Bb2 Nc6 3. e3 Bf5 4. g4 d4 5. gxf5 dxe3 6. fxe3 Qd5 7. Qf3 Qxf3 8.
Nxf3 Nf6 9. d3 Nb4 10. Na3 O-O-O 11. Nc4 Nxc2+ 12. Kd2 Nxa1 13. Ng5 Rd5 14. Nxf7
Rg8 15. Bxa1 e6 16. fxe6 Ne4+ 17. Ke1 Bb4+ 18. Ke2 Rf8 19. Nce5 Bd6 20. dxe4 Rc5
21. Bh3 Rc2+ 22. Kd3 Rxa2 23. Rf1 Rxh2 24. Nxd6+ cxd6 25. Rxf8+ Kc7 26. Nc4 Rxh3
27. Rf7+ Kc6 28. Bxg7 Rg3 29. Kd4 b5 30. Na5+ Kb6 31. b4 h5 32. Bf6 Rg2 33. Nb3
Rb2 34. Bd8+ Kc6 35. Na5# 1-0

[Event "dgh"]
[Site "http://www.queenalice.com/game.php?id=1850124"]
[Date "2025.1.10"]
[Round "-"]
[White "Zezine"]
[Black "Noze"]
[Result "1-0"]
[WhiteElo "1633"]
[BlackElo "1337"]

1. Nf3 d5 2. Nc3 d4 3. Ne4 Nc6 4. c3 e5 5. cxd4 Nxd4 6. Nxe5 Qe7 7. Qa4+ Bd7 8.
Nxd7 Qxe4 9. Nf6+ Kd8 10. Nxe4 Be7 11. Qxd4+ Ke8 12. e3 Rd8 13. Qxg7 Bf6 14.
Nxf6+ Nxf6 15. Qxh8+ Ke7 16. Qxd8+ Kxd8 17. Bc4 Ke7 18. Bxf7 Kxf7 19. b4 b5 20.
Bb2 Nd5 21. a3 Ke6 22. Rc1 Kd6 23. Ke2 Nb6 24. Rc5 Na4 25. Rc2 c6 26. Bd4 a6 27.
Rhc1 Kc7 28. Rxc6+ Kd7 29. Bf6 Nb2 30. Rc7+ Ke6 31. Bxb2 1-0

[Event "Again2"]
[Site "http://www.queenalice.com/game.php?id=1854053"]
[Date "2025.3.17"]
[Round "-"]
[White "Noze"]
[Black "Zezine"]
[Result "0-1"]
[WhiteElo "1346"]
[BlackElo "1624"]

1. e4 c5 2. Nc3 Nc6 3. Bc4 e6 4. d3 b6 5. Nf3 Bb7 6. Bf4 Be7 7. Qd2 a6 8. O-O
Nd4 9. Nxd4 cxd4 10. Ne2 d5 11. exd5 Bxd5 12. Bxd5 Qxd5 13. c4 Qd7 14. Be5 Bf6
15. Bxf6 Nxf6 16. Qg5 O-O 17. Ng3 e5 0-1

[Event "ooops"]
[Site "http://www.queenalice.com/game.php?id=1860115"]
[Date "2025.7.18"]
[Round "-"]
[White "Noze"]
[Black "Zezine"]
[Result "0-1"]
[WhiteElo "1346"]
[BlackElo "1624"]

1. e4 b6 2. d4 Bb7 3. Nc3 e6 4. Bf4 d5 5. e5 c5 6. Nf3 c4 7. Be2 Bb4 8. O-O Bxc3
9. bxc3 Ne7 10. Ng5 Ng6 11. Nxf7 Kxf7 12. Bh5 Nc6 13. Qg4 Kg8 14. Qxe6+ Kf8 15.
Qf5+ Qf6 16. Qd7 Nxf4 17. Qxb7 Rb8 18. Qc7 Qe6 19. Rab1 Nxh5 20. Rfe1 Nf6 21.
Re3 Ne4 22. f3 Qh6 23. Rbe1 Ng5 24. e6 Nh3+ 25. Kf1 Nf4 26. e7+ Ke8 27. Re5 Qxh2
28. Qxc6+ Kf7 29. e8=Q+ Rhxe8 30. Qd7+ Kf6 31. Rf5+ Kg6 32. Qf7+ Kh6 33. Rxe8
Qh1+ 34. Kf2 Qxg2+ 35. Ke3 Rxe8+ 36. Kxf4 Qd2+ 37. Kg4 Qg2+ 38. Kf4 Qd2+ 39. Kg3
g6 40. Rf4 Qe1+ 41. Kg4 Qg1+ 42. Kh4 g5+ 43. Kh3 Qh1+ 44. Kg4 Qg2+ 45. Kf5 Qxc2+
46. Kg4 Qg2+ 47. Kf5 Qh3+ 48. Kf6 Qh5 49. Qxh5+ Kxh5 50. Rg4 Rf8+ 51. Kg7 Rxf3
52. Kxh7 Rxc3 53. Rg2 g4 54. a4 Kh4 55. Re2 g3 56. Kh6 Kh3 57. Kh5 g2 58. Rxg2
Kxg2 59. Kg4 Rf3 60. Kh5 Rg3 61. Kh4 c3 0-1

[Event "eee"]
[Site "http://www.queenalice.com/game.php?id=1860214"]
[Date "2025.7.19"]
[Round "-"]
[White "Zezine"]
[Black "Noze"]
[Result "1-0"]
[WhiteElo "1645"]
[BlackElo "1325"]

1. g3 e5 2. Bg2 Bc5 3. e3 d5 4. d4 exd4 5. exd4 Qe7+ 6. Ne2 Bxd4 7. Qxd4 Be6 8.
Qxg7 Nd7 9. O-O O-O-O 10. Qxh8 Ngf6 11. Qg7 Rg8 12. Qh6 Bg4 13. Nd4 Qe5 14. Qd2
Ne4 15. Bxe4 Qxe4 16. Nc3 Qe5 17. Re1 Qf6 18. Nxd5 Qd6 19. Ne7+ Kd8 20. Nxg8 c5
21. Qg5+ f6 22. Qxg4 cxd4 23. Qe6 Qxe6 24. Rxe6 f5 25. Bg5+ Kc7 26. Rae1 Nc5 27.
Bf4+ 1-0

[Event "dgh2"]
[Site "http://www.queenalice.com/game.php?id=1860480"]
[Date "2025.7.24"]
[Round "-"]
[White "Zezine"]
[Black "Noze"]
[Result "1-0"]
[WhiteElo "1641"]
[BlackElo "1329"]

1. d4 d5 2. Nc3 Nc6 3. e4 dxe4 4. Nxe4 Nxd4 5. Bg5 Bf5 6. Bc4 Nxc2+ 7. Qxc2 Qd4
8. Qa4+ c6 9. Bxf7+ Kxf7 10. Qxd4 e6 11. Nf3 Be7 12. Ne5+ Kf8 13. Bxe7+ Nxe7 14.
O-O-O g6 15. Nd7+ Kf7 16. Ndc5 Nd5 17. Nd6+ Ke7 18. Nxf5+ Kd8 19. Qxh8+ Kc7 20.
Qxa8 1-0

[Event "Cttt11"]
[Site "http://www.queenalice.com/game.php?id=1863822"]
[Date "2025.10.5"]
[Round "-"]
[White "Noze"]
[Black "Zezine"]
[Result "0-1"]
[WhiteElo "1351"]
[BlackElo "1619"]

1. e4 b5 2. Bxb5 c6 3. Bc4 Ba6 4. Bxa6 Nxa6 5. d4 Nf6 6. e5 Ne4 7. Nh3 f6 8.
exf6 exf6 9. Qe2 Qe7 10. Qxa6 Nc5+ 11. Qe2 Ne6 12. Be3 Qb4+ 13. Nc3 Qxb2 14. O-O
Qxc3 15. Qh5+ g6 16. Qh4 d5 17. Qxf6 Nxd4 18. Qe5+ Kf7 19. Qf4+ Nf5 20. Qc7+ Be7
21. Bg5 Rhe8 22. Rae1 Qc5 23. Re5 Qd6 24. Qxd6 Nxd6 25. Nf4 Bxg5 26. Ne6 Rxe6
27. Rxg5 Nf5 28. Rg4 Rae8 29. Rb1 Re1+ 0-1

[Event "dgh3"]
[Site "http://www.queenalice.com/game.php?id=1865231"]
[Date "2025.11.5"]
[Round "-"]
[White "Zezine"]
[Black "Noze"]
[Result "0-1"]
[WhiteElo "1648"]
[BlackElo "1322"]

1. f4 d5 2. Nf3 Bf5 3. d4 Nc6 4. Ne5 Nxe5 5. fxe5 e6 6. Nc3 Bb4 7. Bd2 Qh4+ 8.
g3 Qxd4 9. a3 Bxc3 10. Bxc3 Qe4 11. Rg1 Ne7 12. Qd3 Nc6 13. Bg2 Qg4 14. Qd2 Be4
15. Bxe4 Qxe4 16. O-O-O O-O 17. Qe3 Qxe3+ 0-1

[Event "Challenge"]
[Site "http://www.queenalice.com/game.php?id=1867709"]
[Date "2026.1.8"]
[Round "-"]
[White "Zezine"]
[Black "Noze"]
[Result "1-0"]
[WhiteElo "1629"]
[BlackElo "1341"]

1. f4 d5 2. Nf3 Bf5 3. b3 c5 4. e3 d4 5. Bb5+ Nd7 6. Ne5 Nf6 7. Ba3 e6 8. g4
Nxg4 9. Nxd7 Bd6 10. Nxc5+ Ke7 11. Nxb7 Qb6 12. Bxd6+ Kf6 13. Be5+ Nxe5 14.
fxe5+ Kxe5 15. exd4+ Qxd4 16. Qe2+ Be4 17. Nc3 a6 18. Nxe4 Qxa1+ 19. Kf2 Qxh1
20. Ng3+ Qe4 21. Qxe4+ Kf6 22. Bc4 Rhe8 23. Nd6 Red8 24. Nh5+ Ke7 25. Nf5+ Ke8
26. Nhxg7+ Kf8 27. Bxe6 Rxd2+ 28. Kg3 Rad8 29. Qb4+ Kg8 30. Bc4 Rxc2 31. Bxf7+
Kh8 32. Nh5 Rd5 33. Qf8# 1-0